Colleges w/ the Largest Football Stadiums (2024) - Statistics

General Stats
  • This quiz has been taken 205 times
  • The average score is 20 of 25
Answer Stats
Hint Answer % Correct
107,600 Michigan
99%
102,780 Ohio State
99%
93,022 Georgia
94%
100,119 Texas
94%
100,077 Alabama
92%
88,548 Florida
92%
102,321 LSU
90%
102,733 Texas A&M
90%
106,572 Penn State
89%
101,915 Tennessee
88%
79,560 Florida State
85%
92,542 UCLA
84%
77,500 USC
83%
81,500 Clemson
81%
86,112 Oklahoma
81%
88,043 Auburn
74%
90,000 Nebraska
72%
77,559 South Carolina
71%
70,083 Washington
71%
75,822 Wisconsin
65%
75,005 Michigan State
64%
76,212 Arkansas
63%
70,585 Iowa
62%
77,622 Notre Dame
60%
69,796 Temple
19%
No matching quizzes found
Score Distribution
Percent of People with Each Score
Percentile by Number Answered
Your Score History
You have not taken this quiz